00502nam a2200193 a 4500001001300000003000900013005001700022008004100039020001000080082001300090100002300103245004200126260003500168300000900203500003500212505001300247650002500260700002300285nice12345678IN_TiNIC20260116011435.0050524s1921 egya grp 000 0 ara  ac10000a291bNAT aNatiq, Shaikh Mohd aAd-Dawratul Ula Minal Munazara Deenia aEgyptbShaikh Mohd Natiqc1921 a232p aincludes index and biblioraphy2 aArchives aComparative Religion1 aNatiq, Shaikh Mohd